Sociedades y fronteras xenofobias y xenofilias

Detalles Bibliográficos
Formato: eBook
Lenguaje:español
Publicado: Madrid: Dykinson, 2020
Materias:
Acceso en línea:Acceso restringido

MARC

LEADER 00000nam a22000007a 4500
005 20200601165114.0
007 cr|||| ||||
008 200601s2020 es |||||s|||| 00||0 spa d
020 |a 978-84-1324-681-9 
035 |a 31551 
040 |a vLex 
090 |c 10481  |d 10481 
245 0 0 |a Sociedades y fronteras  |h [Recurso electrn̤ico] :  |b xenofobias y xenofilias 
256 |a Servicio en ln̕ea 
260 |a Madrid:  |b Dykinson,  |c 2020 
300 |a 1 recurso electrn̤ico 
506 1 |a Disponible solo en los productos indicados  |d vLex Global  |d vLex Global (Academic Edition, excluding Law Schools)  |d vLex Global (U.S. Academic Edition, Law Schools)  |d vLex Global (U.S. Academic Edition, excluding Law Schools)  |d vLex Global (Academic Edition, Law Schools) 
650 0 4 |a Derecho Internacional  |z Espaą 
650 0 4 |a Ciencias sociales  |z Espaą 
740 0 |a vLex Libros (Servicio en ln̕ea) 
856 4 0 |u http://vlex.com/source/sociedades-fronteras-xenofobias-xenofilias-31551  |z Acceso restringido 
942 |c BOOK 
999 0 |a International Law 
999 0 |a Social sciences